000 00291nam a22001097a 4500
008 160614b xxu||||| |||| 00| 0 eng d
020 _a0803608322
041 _aeng
080 _a618.2
245 _aNursing leadership and management / Concepts and practice:
_cRuth M. Tappen;
942 _2udc
_cBK
999 _c2496
_d2496